|
|
|
|
| LEADER |
01926nam a22003974a 4500 |
| 001 |
EBC253520 |
| 003 |
MiAaPQ |
| 005 |
20200520144314.0 |
| 006 |
m o d | |
| 007 |
cr cn||||||||| |
| 008 |
020124s2002 ne sb 001 0 eng |
| 010 |
|
|
|z 2002019573
|
| 016 |
7 |
|
|z 963500740
|2 GyFmDB
|
| 020 |
|
|
|z 9004124586 (alk. paper)
|
| 035 |
|
|
|a (MiAaPQ)EBC253520
|
| 035 |
|
|
|a (Au-PeEL)EBL253520
|
| 035 |
|
|
|a (CaPaEBR)ebr10089090
|
| 035 |
|
|
|a (CaONFJC)MIL46658
|
| 035 |
|
|
|a (OCoLC)56422237
|
| 040 |
|
|
|a MiAaPQ
|c MiAaPQ
|d MiAaPQ
|
| 050 |
|
4 |
|a HB501
|b .W567 2002
|
| 072 |
|
7 |
|a HB
|2 lcco
|
| 082 |
0 |
4 |
|a 330.12/2
|2 21
|
| 100 |
1 |
|
|a Wilson, H. T.
|
| 245 |
1 |
0 |
|a Capitalism after postmodernism
|h [electronic resource] :
|b neo-conservatism, legitimacy and the theory of public capital /
|c by H.T. Wilson.
|
| 260 |
|
|
|a Leiden ;
|a Boston :
|b Brill,
|c 2002.
|
| 300 |
|
|
|a xiii, 308 p.
|
| 490 |
1 |
|
|a International comparative social studies,
|x 1568-4474 ;
|v v. 5
|
| 504 |
|
|
|a Includes bibliographical references and indexes.
|
| 505 |
8 |
|
|a Machine generated contents note: 1 Introduction -- 2 Capitalism and Legitimacy -- 3 Legitimacy and Capitalism -- 4 Sovereignty and Legitimacy -- 5 Capitalism and Democracy -- 6 What the People Do for Capitalism -- 7 Property, Capital and Society -- 8 Public Capital and its Co-optation -- 9 The Public Debt: We Win, You Lose -- 10 Privatization: Hypocrisy Triumphant -- 11 Free Trade: The Supreme Illusion -- 12 Legitimation Crisis? -- 13 Capitalism after Postmodernism.
|
| 533 |
|
|
|a Electronic reproduction. Ann Arbor, MI : ProQuest, 2015. Available via World Wide Web. Access may be limited to ProQuest affiliated libraries.
|
| 650 |
|
0 |
|a Capitalism.
|
| 655 |
|
4 |
|a Electronic books.
|
| 710 |
2 |
|
|a ProQuest (Firm)
|
| 830 |
|
0 |
|a International comparative social studies ;
|v v. 5.
|
| 856 |
4 |
0 |
|u https://ebookcentral.proquest.com/lib/matrademy/detail.action?docID=253520
|z Click to View
|